000 00252nam a22001217a 4500
008 181126b xxu||||| |||| 00| 0 eng d
041 _aeng
080 _a910
100 _a43
101 _ageo
245 _aEarth Volcano
_cRobert.p
942 _2udc
_cBK
999 _c52484
_d52484